Contemporary orthodontics (Registro nro. 10861)

000 -CABECERA
Campo de control de longitud fija 01665nam a22003377a 4500
003 - IDENTIFICADOR DEL NÚMERO DE CONTROL
Campo de control OSt
005 - FECHA Y HORA DE LA ÚLTIMA TRANSACCIÓN
Campo de control 20260416105646.0
008 - CÓDIGOS DE INFORMACIÓN DE LONGITUD FIJA
Campo de control de longitud fija 260416t2019 xxu||||| |||| 00| 0 eng d
020 ## - NÚMERO INTERNACIONAL NORMALIZADO PARA LIBROS (ISBN)
Número Internacional Normalizado para Libros (ISBN) 9780323543873
040 ## - FUENTE DE LA CATALOGACIÓN
Centro catalogador de origen Unicoc
Lengua de catalogación spa
Centro que cataloga Bogotá (Dr. David Ordóñez Rueda) - Campus Norte
Centro modificador Bogotá (Dr. David Ordóñez Rueda) - Campus Norte
082 ## - NÚMERO DE LA CLASIFICACIÓN DECIMAL DEWEY
Número de clasificación 617.643
100 ## - PUNTO DE ACCESO PRINCIPAL - NOMBRE DE PERSONA
9 (RLIN) 7905
Nombre de persona Proffit, William R.
245 ## - MENCIÓN DE TÍTULO
Título Contemporary orthodontics
Mención de responsabilidad etc. / William R. Proffit, Henry W. Fields, Brent Larson, David M. Sarver
250 ## - MENCIÓN DE EDICIÓN
Mención de edición 6 Ed.
260 ## - PUBLICATION, DISTRIBUTION, ETC. (IMPRINT)
Lugar de publicación distribución etc. España :
Nombre del editor distribuidor etc. Elsevier ,
Fecha de publicación distribución etc. 2019.
300 ## - DESCRIPCIÓN FÍSICA
Extensión 736 páginas
Otras características físicas Iustraciones
500 ## - NOTA GENERAL
Nota general Incluye índice y bibliografía.
505 ## - NOTA DE CONTENIDO CON FORMATO
Título Sección I: The orthodontic problem. --
-- Sección II: The development of orthodontic problems. --
-- Sección III: Diagnosis and treatment planning. --
-- Sección IV: Biomechanics, mechanics and contemporary orthodontic appliances. --
-- Sección V: Treatment in preadolescent children. --
-- Sección VI: Growth modification. --
-- Sección VII: Comprehensive orthodontic treatment in the early permanent dentition. --
-- Sección VIII: Treatment for adults.
526 ## - NOTA DE INFORMACIÓN SOBRE EL PROGRAMA DE ESTUDIO
Institución que aplica el campo Unicoc
546 ## - NOTA DE LENGUA
Nota de lengua Inglés
650 #0 - PUNTO DE ACCESO ADICIONAL DE MATERIA - TÉRMINO DE MATERIA
9 (RLIN) 178
Término de materia o nombre geográfico como elemento inicial Aparatos ortodóncicos
650 #0 - PUNTO DE ACCESO ADICIONAL DE MATERIA - TÉRMINO DE MATERIA
9 (RLIN) 506
Término de materia o nombre geográfico como elemento inicial Tratamiento endodóncico
650 #0 - PUNTO DE ACCESO ADICIONAL DE MATERIA - TÉRMINO DE MATERIA
9 (RLIN) 176
Término de materia o nombre geográfico como elemento inicial Ortodoncia correctiva
650 #0 - PUNTO DE ACCESO ADICIONAL DE MATERIA - TÉRMINO DE MATERIA
9 (RLIN) 4361
Término de materia o nombre geográfico como elemento inicial Ortodoncia
658 #0 - TÉRMINO DE INDIZACIÓN - OBJETIVO CURRICULAR
9 (RLIN) 11722
Programa Académico Especialización en Ortodoncia y Ortopedia Maxilar
700 ## - PUNTO DE ACCESO ADICIONAL - NOMBRE DE PERSONA
9 (RLIN) 697
Nombre de persona Fields, Henry W.
700 ## - PUNTO DE ACCESO ADICIONAL - NOMBRE DE PERSONA
9 (RLIN) 702
Nombre de persona Sarver, David M.
700 ## - PUNTO DE ACCESO ADICIONAL - NOMBRE DE PERSONA
9 (RLIN) 699
Nombre de persona Ackerman James L.
856 ## - LOCALIZACIÓN Y ACCESO ELECTRÓNICOS
Texto del enlace Acceso online exclusivo para comunidad Unicoc.
Identificador Uniforme del Recurso (URI) https://unicoceduco-my.sharepoint.com/:b:/g/personal/direccionbiblioteca_unicoc_edu_co/IQDtp2JbHkWBTIELrX-fS4t4Aa7oO25BJKWP8nRMUrmT3Gw
942 ## - ENTRADA PARA ELEMENTOS AGREGADOS (KOHA)
Fuente de clasificación o esquema de ordenación en estanterías
Koha [por defecto] tipo de item Libro electrónico
Existencias
Localización permanente No para préstamo Código de colección Fuente de adquisición Fuente de clasificación o esquema de ordenación en estanterías Localización actual Fecha del precio de reemplazo Código de barras Signatura completa Fecha de adquisición Tipo de item de Koha Fecha última consulta Estropeado Precio Estado de pérdida
Bogotá (Dr. David Ordóñez Rueda) - Campus Norte Coleccion OnlineCompra Bogotá (Dr. David Ordóñez Rueda) - Campus Norte2026-04-16Ebook10861617.6432026-04-16Libro electrónico2026-04-16 200000.00 

© 2014 UNICOC | Institución Universitaria Colegios de Colombia - UNICOC
Bogotá D.C. Autopista Norte Km. 20. Teléfono:(571)6683535
Cali: Calle 13 Norte No. 3N-13. Teléfono: (572)6608887

Con tecnología de Koha